00505nam a22001577a 4500008004100000020001800041040005500059080001500114245007600129260004300205300001400248650001100262653002700273700002100300700002600321230609b |||||||| |||| 00| 0 eng d a81-224-0403-0 aNational Science LibrarycNational Science Library a620.97bN2 aSolar energy and energy conservation: bReviews in contemporary physics aNew Delhi: bWiley Eastern Ltd, c1992 axv, 345p. aEnergy aThermal power stations aKamal, Raj (Ed.) aMaheshwari, K P (Ed.)